| 000 | 00349nam a2200133Ia 4500 | ||
|---|---|---|---|
| 008 | 240624s9999 xx 000 0 und d | ||
| 041 | _aeng | ||
| 082 | _a302.4 AZI | ||
| 100 | _aAZIZ AL AZMEH | ||
| 245 | _aKEYWORDS IDENTITY FOR A DIFFERENT KIND O | ||
| 260 |
_c2004 _aNew Delhi _bVistaar Publication |
||
| 300 | _axii, : 148 : cm. ; 18 | ||
| 365 | _cRS | ||
| 999 |
_c2185 _d2185 |
||